Welcome to CU Library Online Public Access Catalogue (OPAC)

Managerial economics and business strategy / (Record no. 3995)

MARC details
000 -LEADER
fixed length control field 00669cam a2200217 a 4500
001 - CONTROL NUMBER
control field 3467279
005 - DATE AND TIME OF LATEST TRANSACTION
control field 20250220185509.0
008 - FIXED-LENGTH DATA ELEMENTS--GENERAL INFORMATION
fixed length control field 930507s1994 ilua b 001 0 eng
020 ## - INTERNATIONAL STANDARD BOOK NUMBER
International Standard Book Number 0256123268
020 ## - INTERNATIONAL STANDARD BOOK NUMBER
International Standard Book Number 9780256123265
050 00 - LIBRARY OF CONGRESS CALL NUMBER
Classification number HD30.22
Item number .B38 1994
082 00 - DEWEY DECIMAL CLASSIFICATION NUMBER
Classification number 338.5/024658
Edition information 20
100 1# - MAIN ENTRY--PERSONAL NAME
Personal name Baye, Michael R.,
Dates associated with a name 1958-
245 10 - TITLE STATEMENT
Title Managerial economics and business strategy /
Statement of responsibility, etc. Michael R. Baye, Richard O. Beil.
260 ## - PUBLICATION, DISTRIBUTION, ETC.
Place of publication, distribution, etc. Burr Ridge, Ill. :
Name of publisher, distributor, etc. Irwin,
Date of publication, distribution, etc. c1994.
300 ## - PHYSICAL DESCRIPTION
Extent xviii, 538 p. :
Other physical details ill. (some col.) ;
Dimensions 24 cm.
440 #0 - SERIES STATEMENT/ADDED ENTRY--TITLE
Title Irwin series in economics
650 #0 - SUBJECT ADDED ENTRY--TOPICAL TERM
Topical term or geographic name entry element Managerial economics.
700 1# - ADDED ENTRY--PERSONAL NAME
Personal name Beil, Richard O.
942 ## - ADDED ENTRY ELEMENTS (KOHA)
Source of classification or shelving scheme Library of Congress Classification
Koha item type Books
Suppress in OPAC No
999 ## -
-- 3995
-- 3995
Holdings
Withdrawn status Lost status Source of classification or shelving scheme Damaged status Not for loan Collection Home library Current library Shelving location Date acquired Total checkouts Full call number Barcode Date last seen Copy number Price effective from Koha item type
    Library of Congress Classification     Non-fiction Business Library (Miotso) Business Library (Miotso) General stacks 02/20/2025   HD30.22 .B38 1994 BSSM00000849 02/20/2025 1 02/20/2025 Books
    Library of Congress Classification     Non-fiction Business Library (Miotso) Business Library (Miotso) General stacks 02/20/2025   HD30.22 .B38 1994 BSSM00000850 02/20/2025 2 02/20/2025 Books
© 2023-2024 Copyright: Central University Libraries. All Rights Reserved | Created by: Mahone Tech Office